Doing research in the real world / (Record no. 26)

MARC details
000 -LEADER
fixed length control field 01547nam a22004217a 4500
001 - CONTROL NUMBER
control field 17704004
003 - CONTROL NUMBER IDENTIFIER
control field OSt
005 - DATE AND TIME OF LATEST TRANSACTION
control field 20221229101459.0
008 - FIXED-LENGTH DATA ELEMENTS--GENERAL INFORMATION
fixed length control field 221229b |||||||| |||| 00| 0 eng d
010 ## - LIBRARY OF CONGRESS CONTROL NUMBER
LC control number 2013938404
015 ## - NATIONAL BIBLIOGRAPHY NUMBER
National bibliography number GBB384874
Source bnb
016 7# - NATIONAL BIBLIOGRAPHIC AGENCY CONTROL NUMBER
Record control number 016499380
Source Uk
020 ## - INTERNATIONAL STANDARD BOOK NUMBER
International Standard Book Number 9781446260180 (hbk.)
020 ## - INTERNATIONAL STANDARD BOOK NUMBER
International Standard Book Number 1446260186 (hbk.)
020 ## - INTERNATIONAL STANDARD BOOK NUMBER
International Standard Book Number 1446260194 (pbk.)
020 ## - INTERNATIONAL STANDARD BOOK NUMBER
International Standard Book Number 9781446260197 (pbk.)
020 ## - INTERNATIONAL STANDARD BOOK NUMBER
International Standard Book Number 9781446295311 (pbk. with online access)
020 ## - INTERNATIONAL STANDARD BOOK NUMBER
International Standard Book Number 1446295311 (pbk. with online access)
035 ## - SYSTEM CONTROL NUMBER
System control number (OCoLC)ocn858825461
040 ## - CATALOGING SOURCE
Original cataloging agency UKMGB
Language of cataloging eng
Transcribing agency KMU
Modifying agency OCLCO
-- YDXCP
-- SISIM
-- OCLCO
-- CDX
-- LTSCA
-- OCLCO
-- OCLCF
-- DLC
042 ## - AUTHENTICATION CODE
Authentication code lccopycat
050 00 - LIBRARY OF CONGRESS CALL NUMBER
Classification number H62
Item number .G72 2014
100 1# - MAIN ENTRY--PERSONAL NAME
Personal name Gray, David E.
Fuller form of name (David Edward),
Dates associated with a name 1952-
245 10 - TITLE STATEMENT
Title Doing research in the real world /
Statement of responsibility, etc. David E. Gray.
250 ## - EDITION STATEMENT
Edition statement 3rd ed.
260 ## - PUBLICATION, DISTRIBUTION, ETC.
Place of publication, distribution, etc. London :
Name of publisher, distributor, etc. SAGE,
Date of publication, distribution, etc. 2014.
300 ## - PHYSICAL DESCRIPTION
Extent xxii, 729 p. :
Other physical details col. ill. ;
Dimensions 25 cm.
500 ## - GENERAL NOTE
General note Previous edition: 2009.
504 ## - BIBLIOGRAPHY, ETC. NOTE
Bibliography, etc. note Includes bibliographical references (p. [693]-713) and indexes.
650 #0 - SUBJECT ADDED ENTRY--TOPICAL TERM
Topical term or geographic name entry element Social sciences
General subdivision Research.
650 #0 - SUBJECT ADDED ENTRY--TOPICAL TERM
Topical term or geographic name entry element Social sciences
General subdivision Research
-- Methodology.
650 #7 - SUBJECT ADDED ENTRY--TOPICAL TERM
Topical term or geographic name entry element Social sciences
General subdivision Research.
Source of heading or term fast
Authority record control number or standard number (OCoLC)fst01122944
650 #7 - SUBJECT ADDED ENTRY--TOPICAL TERM
Topical term or geographic name entry element Social sciences
General subdivision Research
-- Methodology.
Source of heading or term fast
Authority record control number or standard number (OCoLC)fst01122961
906 ## - LOCAL DATA ELEMENT F, LDF (RLIN)
a 7
b cbc
c copycat
d 2
e ncip
f 20
g y-gencatlg
942 ## - ADDED ENTRY ELEMENTS (KOHA)
Source of classification or shelving scheme Dewey Decimal Classification
Koha item type Non-Fiction
Edition 3rd ed.
Suppress in OPAC No
Holdings
Withdrawn status Lost status Source of classification or shelving scheme Damaged status Not for loan Collection Home library Current library Shelving location Date acquired Source of acquisition Total Checkouts Full call number Barcode Date last seen Date last checked out Price effective from Koha item type Total Renewals
    Library of Congress Classification     Non-fiction Kapasa Makasa University Kapasa Makasa University Open Access 28.12.2022 Book Aid 5 H 62 Gra 2014 749219 24.11.2025 08.09.2025 29.12.2022 Non-Fiction  
    Library of Congress Classification     Non-fiction Kapasa Makasa University Kapasa Makasa University Open Access 28.12.2022 Book Aid 2 H 62 Gra 2014 749221 24.11.2025 12.11.2025 29.12.2022 Non-Fiction  
    Library of Congress Classification     Non-fiction Kapasa Makasa University Kapasa Makasa University Open Access 28.12.2022 Book Aid   H 62 Gra 2014 749218 29.12.2022   29.12.2022 Non-Fiction  
    Library of Congress Classification     Non-fiction Kapasa Makasa University Kapasa Makasa University Open Access 28.12.2022 Book Aid 3 H 62 Gra 2014 749220 05.11.2025 10.09.2025 29.12.2022 Non-Fiction 4